| 000 | 01039cab a2200277 4500 | ||
|---|---|---|---|
| 001 | ABS54066 | ||
| 008 | 090401t1995 xxu||||| |||| 00| 0 eng d | ||
| 035 | _a(Sirsi) u8244 | ||
| 041 | _aeng | ||
| 100 | _aBurton, I. | ||
| 245 | _aPlanners shown how to reduce need to travel | ||
| 260 | _c1995 | ||
| 350 | _a0 | ||
| 490 |
_aPlanning (for the Natural and Built Environment) _v(1142) 27 October 1995, 8-9(2) |
||
| 520 | _aExamines how planners can apply PPG13 policies to reduce the growth in the number and length of car journeys. Includes complementary transport facilities such as cycle lanes and public transport and larger measures such as avoiding high-density housing schemes where access to public transport is poor. | ||
| 650 | _aCAR PARKING | ||
| 650 | _aCYCLE LANES | ||
| 650 | _aPARK AND RIDE | ||
| 650 | _aPLANNING POLICY | ||
| 650 | _aPLANNING POLICY GUIDANCE NOTE 13 | ||
| 650 | _aPUBLIC TRANSPORT | ||
| 650 | _aTRANSPORT POLICY | ||
| 690 | _aPLANNING LAW AND PRACTICE | ||
| 942 | _n0 | ||
| 948 | _c04/03/1997 | ||
| 999 |
_c5046 _d5046 |
||